Krise und Trauma : Zur Psychosoziologie kollektiver Gewalt im Nationalsozialismus /

Militärische Niederlage, Revolution, Versailles, soziale Unruhen, Hyperinflation und schließlich die Weltwirtschaftskrise - diese Anhäufung negativer Erfahrungen war für viele Zeitgenossen traumatisch. Hitler und die Nationalsozialisten schienen eine Auflösung zu bieten, indem sie versprachen, Deuts...

وصف كامل

محفوظ في:

المؤلف الرئيسي: Harten, Hans-Christian (مؤلف)

التنسيق: كتاب الكتروني

اللغة: English
German

منشور في: Paderborn : Ferdinand Schöningh, Brill Deutschland, 2025.

سلاسل: Schöningh and Fink Early Modern and Modern History E-Books Online, Collection 2025.

الموضوعات:

الوصول للمادة أونلاين: Login to view Source

الوسوم: إضافة وسم

لا توجد وسوم, كن أول من يضع وسما على هذه التسجيلة!

رقم الطلب: D410

LEADER 02801nam a22004578i 4500
001 BRILL9783657797974
003 nllekb
005 20250818030512.0
006 m d
007 cr un uuuua
008 250611s2025 gw sb 001 0 eng d
020 |a 9783506797971  |q (electronic book) 
020 |z 9783657797974  |q (print) 
024 7 |a 10.30965/9783657797974  |2 DOI 
035 |z (OCoLC)1518695287 
040 |a NL-LeKB  |c NL-LeKB  |e rda 
041 |a ger 
050 4 |a D410 
072 7 |a HBTZ1  |2 bicssc 
072 7 |a HIS  |x 043000  |2 bisacsh 
082 0 4 |a 910.82  |2 23 
100 1 |a Harten, Hans-Christian,  |e author. 
245 1 0 |a Krise und Trauma :  |b Zur Psychosoziologie kollektiver Gewalt im Nationalsozialismus /  |c Hans-Christian Harten. 
246 3 |a Zur Psychosoziologie kollektiver Gewalt im Nationalsozialismus 
264 1 |a Paderborn :  |b Ferdinand Schöningh, Brill Deutschland,  |c 2025. 
264 4 |c ©2025 
300 |a 1 online resource (556 pages) :  |b illustrations. 
336 |a text  |b txt  |2 rdacontent 
337 |a computer  |b c  |2 rdamedia 
338 |a online resource  |2 rdacarrier 
490 1 |a Schöningh and Fink Early Modern and Modern History E-Books Online, Collection 2025 
504 |a Includes bibliographical references and index. 
520 |a Militärische Niederlage, Revolution, Versailles, soziale Unruhen, Hyperinflation und schließlich die Weltwirtschaftskrise - diese Anhäufung negativer Erfahrungen war für viele Zeitgenossen traumatisch. Hitler und die Nationalsozialisten schienen eine Auflösung zu bieten, indem sie versprachen, Deutschland wieder stark zu machen und es, von äußeren Fesseln und inneren Feinden befreit, zur Großmacht zu führen. Doch es war die falsche Therapie. Statt der Auseinandersetzung mit der Realität konstruierte man irrationale Mythen und paranoide Feindbilder. Um für einen neuen Waffengang gewappnet zu sein, brauchte man ein geeintes und geschlossenes, von inneren Feinden gereinigtes Volk mit Menschen, die von einem neuen Rassenbewusstsein getragen waren, das sie stark und unbesiegbar machen sollte. Mit dem Krieg verselbständigten sich die irrationalen Momente dieser Therapie. Je mehr sich die Realität den Erwartungen widersetzte, desto mehr schlug der Wunsch nach Stärke in Vernichtungswahn um. 
546 |a German 
588 |a Description based on print version record. 
650 0 |a History. 
776 0 8 |i Print version:  |t Krise und Trauma : Zur Psychosoziologie kollektiver Gewalt im Nationalsozialismus.  |d Paderborn : Ferdinand Schöningh, Brill Deutschland, 2025.  |z 9783506797971 
830 0 |a Schöningh and Fink Early Modern and Modern History E-Books Online, Collection 2025. 
856 4 |z DOI:   |u http://dx.doi.org/10.30965/9783657797974 
942 |2 lcc  |c EBOOK 
999 |c 61029  |d 61029